Most Popular Ozzy Osbourne Songs - Statistics

General Stats
  • This quiz has been taken 61 times
  • The average score is 4 of 10
Answer Stats
Song % Correct
Crazy Train
100%
No More Tears
75%
Mama, I'm Coming Home
69%
Mr. Crowley
61%
Dreamer
41%
Hellraiser
37%
I Just Want You
14%
Under The Graveyard
10%
Ordinary Man
8%
See You On The Orher Side
2%
No matching quizzes found
Score Distribution
Percent of People with Each Score
Percentile by Number Answered
Your Score History
You have not taken this quiz